Umesh Choudhurir Geet / (Record no. 1318)
[ view plain ]
| 000 -LEADER | |
|---|---|
| fixed length control field | 00606nam a2200217Ia 4500 |
| 001 - CONTROL NUMBER | |
| control field | 1321 |
| 008 - FIXED-LENGTH DATA ELEMENTS--GENERAL INFORMATION | |
| fixed length control field | 200206s1993 ii a g b000 u asm u |
| 082 ## - DEWEY DECIMAL CLASSIFICATION NUMBER | |
| Classification number | 783.6 |
| 100 ## - MAIN ENTRY--PERSONAL NAME | |
| Personal name | Choudhury, Umesh Ch. . |
| 245 #0 - TITLE STATEMENT | |
| Title | Umesh Choudhurir Geet / |
| Statement of responsibility, etc. | Umesh Ch. Choudhury. |
| Medium | Textual Documents |
| 250 ## - EDITION STATEMENT | |
| Edition statement | 1st ed. / |
| 260 ## - PUBLICATION, DISTRIBUTION, ETC. | |
| Place of publication, distribution, etc. | Guwahati : |
| Name of publisher, distributor, etc. | Publication Board Assam , |
| Date of publication, distribution, etc. | 1993. |
| 300 ## - PHYSICAL DESCRIPTION | |
| Extent | 116p. : |
| Other physical details | ill ; |
| Dimensions | 22cm . |
| 500 ## - GENERAL NOTE | |
| General note | 46/Ref/Ass |
| 653 ## - INDEX TERM--UNCONTROLLED | |
| Uncontrolled term | Assamese Songs |
| 653 ## - INDEX TERM--UNCONTROLLED | |
| Uncontrolled term | Assamese Music |
| 653 ## - INDEX TERM--UNCONTROLLED | |
| Uncontrolled term | Reference-Rachanawali |
| 700 ## - ADDED ENTRY--PERSONAL NAME | |
| Personal name | Goswami, Kumud . |
| 856 ## - ELECTRONIC LOCATION AND ACCESS | |
| Uniform Resource Identifier | <a href="46/Rachanawali">46/Rachanawali</a> |
| 942 ## - ADDED ENTRY ELEMENTS (KOHA) | |
| Source of classification or shelving scheme | Dewey Decimal Classification |
| Koha item type | Books |
| Withdrawn status | Lost status | Damaged status | Not for loan | Home library | Current library | Date acquired | Coded location qualifier | Total checkouts | Full call number | Barcode | Date last seen | Copy number | Price effective from | Koha item type |
|---|---|---|---|---|---|---|---|---|---|---|---|---|---|---|
| Not for loan | Dr. Suryya Kumar Bhuyan Library | Dr. Suryya Kumar Bhuyan Library | 01/02/2012 | 00000 | 783.6 Ch 458 Um | 46/As | 13/01/2024 | 1 | 01/02/2012 | Books | ||||
| Not for loan | Dr. Suryya Kumar Bhuyan Library | Dr. Suryya Kumar Bhuyan Library | 01/02/2012 | 00000 | 783.6 Ch 458 Um | 46./As | 13/01/2024 | 2 | 01/02/2012 | Books |
